=LDR 00000nam 2200000 4500 =001 INLIS000000000032933 =005 20130612134920 =008 ***********************************Ind** =035 ##$$a0010-061300000032933 =041 ##$$a Ind =082 ##$$a 543.8 =090 ##$$a 543.8, Hen k =100 ##$$a Hendayana,Sumar =245 ##$$a Kimia Pemisahan, Metode Krmatografi dan Elektroforesis Modern, Sumar Hendayana =260 ##$$a 2006 $b Bandung =300 ##$$a x,155 hlm., ilus., 23 cm =650 ##$$a Kromstogrsfi-Kimia =850 ##$$a NBPNMAT =990 ##$$a 0001/BPAP-NTB/20142014